[Event "Kieler Open 2014-B"]
[Site "Kiel"]
[Date "2014.08.02"]
[Round "2.11"]
[White "Maaß, Ralf"]
[Black "Kollhoff, Josef"]
[Result "0-1"]
[WhiteElo "1208"]
[BlackElo "1741"]
[PlyCount "76"]
[EventDate "2014.??.??"]
[WhiteTeam "Flensburg"]
[BlackTeam "Kieler SG"]

1. d4 d5 2. Nf3 Nf6 3. e3 Bg4 4. Be2 c5 5. c3 Nc6 6. O-O e6 7. Nbd2 Bd6 8. h3
Bf5 9. dxc5 Bxc5 10. Nb3 Bb6 11. Bb5 Qd6 12. Nbd4 Be4 13. Re1 O-O 14. Ng5 Bg6
15. Nxc6 bxc6 16. Bd3 Bc7 17. g3 e5 18. Bxg6 fxg6 19. f4 e4 20. h4 Qd7 21. Kg2
h6 22. Nh3 Bb6 23. Nf2 a5 24. a3 Rfe8 25. Bd2 c5 26. Rb1 a4 27. b4 axb3 28.
Qxb3 Reb8 29. Ra1 c4 30. Qc2 Bc5 31. a4 Ra5 32. Reb1 Rxb1 33. Qxb1 Rxa4 34.
Qb8+ Kh7 35. Rxa4 Qxa4 36. Qb2 Qa7 37. Qc1 Qa2 38. Kf1 Ba3 {(Zeit . time)} 0-1

[Event "Kieler Open 2014-B"]
[Site "Kiel"]
[Date "2014.08.02"]
[Round "2.12"]
[White "Stolzenwald, Frank"]
[Black "Serbin, Alexander"]
[Result "1/2-1/2"]
[WhiteElo "1628"]
[BlackElo "1373"]
[PlyCount "116"]
[EventDate "2014.??.??"]
[WhiteTeam "SF Hamburg"]
[BlackTeam "Kieler SG"]

1. b3 Nf6 2. Bb2 g6 3. g4 h6 4. Bg2 Bg7 5. h3 d5 6. e3 b6 7. d3 Bb7 8. Nd2 Na6
9. Ne2 Qd6 10. a4 e5 11. c4 Nb4 12. Nf3 dxc4 13. Ba3 cxd3 14. O-O dxe2 15. Qxe2
c5 16. Rfd1 Qe6 17. Bxb4 cxb4 18. Qb5+ Nd7 19. Nd4 exd4 20. Bxb7 Rd8 21. exd4
O-O 22. Qxb4 Rb8 23. Ba6 Rfd8 24. Ra2 Nf8 25. Re2 Qd6 26. Qxd6 Rxd6 27. d5 Rbd8
28. Re7 Rxd5 29. Rxd5 Rxd5 30. Rxa7 Ra5 31. Ra8 Kh7 32. Bb7 Ne6 33. Ra6 Bd4 34.
b4 Rxa6 35. Bxa6 Nf4 36. Kh2 Bxf2 37. a5 bxa5 38. bxa5 Be1 39. Bc4 Bxa5 40.
Bxf7 Kg7 41. Bb3 Kf6 42. h4 Be1 43. g5+ hxg5 44. hxg5+ Kxg5 45. Bf7 Kg4 46.
Bxg6 Nxg6 47. Kg2 Nf4+ 48. Kg1 Kf3 49. Kh2 Bg3+ 50. Kh1 Nd3 51. Kg1 Ne1 52. Kh1
Ke2 53. Kg1 Bf2+ 54. Kh2 Kf3 55. Kh1 Ng2 56. Kh2 Bg3+ 57. Kg1 Ne3 58. Kh1 Kf2
1/2-1/2

[Event "Kieler Open 2014-B"]
[Site "Kiel"]
[Date "2014.08.02"]
[Round "2.13"]
[White "Howe, Dietrich"]
[Black "Schmieder, Kerstin"]
[Result "0-1"]
[WhiteElo "1742"]
[BlackElo "1683"]
[PlyCount "114"]
[EventDate "2014.??.??"]
[WhiteTeam "Kaltenkirchen"]
[BlackTeam "Rodewischer Schachmiezen"]

1. Nf3 g6 2. c4 Bg7 3. Nc3 e5 4. d3 Nf6 5. g3 Nc6 6. Bg2 d6 7. O-O O-O 8. Rb1
Be6 9. b4 Rb8 10. b5 Ne7 11. a4 Qd7 12. Re1 Rfd8 13. Be3 b6 14. Bd2 Ne8 15. Ng5
Nf5 16. Nd5 Nf6 17. Nb4 Rf8 18. Nc6 Ra8 19. a5 h6 20. Nxe6 fxe6 21. axb6 axb6
22. Nb4 d5 23. Nc6 Nh7 24. Qb3 d4 25. Bb4 Nd6 26. e3 Ng5 27. exd4 exd4 28. Ne5
Bxe5 29. Rxe5 Nf3+ 30. Bxf3 Rxf3 31. Rbe1 Qf7 32. Qb2 Rxd3 33. Bxd6 cxd6 34.
Rxe6 Rc3 35. Qb1 d3 36. Qd1 Rc2 37. f4 Qf5 38. Qf3 Rf8 39. Re8 Rxe8 40. Rxe8+
Kf7 41. Qa8 Qc5+ 42. Kh1 Rc1+ 43. Kg2 Rg1+ 44. Kf3 Rf1+ 45. Kg2 Rf2+ 46. Kh1 d5
47. Rh8 Re2 48. Qg8+ Kf6 49. Qd8+ Re7 50. Rf8+ Ke6 51. g4 d2 52. f5+ gxf5 53.
gxf5+ Ke5 54. Qb8+ Ke4 55. Qg3 d1=Q+ 56. Kg2 Qcg1+ 57. Kh3 Qh5+ 0-1

[Event "Kieler Open 2014-B"]
[Site "Kiel"]
[Date "2014.08.02"]
[Round "2.14"]
[White "Fleischmann, Yannic"]
[Black "Dambrowski, Ralf"]
[Result "0-1"]
[WhiteElo "1355"]
[BlackElo "1485"]
[PlyCount "92"]
[EventDate "2014.??.??"]
[WhiteTeam "Segeberg"]
[BlackTeam "Agon Neum?"]

1. e4 e6 2. d4 d5 3. Nd2 dxe4 4. Nxe4 Be7 5. Nf3 Nf6 6. Ng3 O-O 7. Bd3 c5 8.
Be3 cxd4 9. Bxd4 Nc6 10. c3 Nxd4 11. Nxd4 e5 12. Nf3 Re8 13. O-O Bd6 14. Qc2 h6
15. Rfe1 Bg4 16. Nh4 e4 17. Bb5 Bxg3 18. hxg3 Re5 19. Be2 g5 20. Bxg4 Nxg4 21.
Rxe4 Rxe4 22. Qxe4 Nf6 23. Qxb7 gxh4 24. gxh4 Rb8 25. Qxa7 Rxb2 26. Re1 Qb6 27.
Re7 Rb1+ 28. Kh2 Qxa7 29. Rxa7 Rc1 30. Ra6 Kg7 31. a4 Rxc3 32. a5 Ra3 33. f3
Nd7 34. Rd6 Nc5 35. Rd5 Rxa5 36. g4 Ra2+ 37. Kg3 Ne6 38. g5 h5 39. Rf5 Ra3 40.
Rf6 Nd4 41. Kg2 Ne2 42. Kf2 Ra2 43. Kg2 Nf4+ 44. Kg3 Ng6 45. Rf5 Ra4 46. f4
Ra3+ 0-1

[Event "Kieler Open 2014-B"]
[Site "Kiel"]
[Date "2014.08.02"]
[Round "2.15"]
[White "Koch, Andreas Tigran"]
[Black "Rommeck, Christiane"]
[Result "0-1"]
[WhiteElo "1214"]
[BlackElo "1442"]
[PlyCount "58"]
[EventDate "2014.??.??"]
[WhiteTeam "Eckernförde"]
[BlackTeam "Flintbek"]

1. e4 d6 2. Bc4 g6 3. Nf3 h6 4. O-O Bg7 5. d4 Nd7 6. Be3 e5 7. d5 Ne7 8. Nc3
O-O 9. Qd2 Kh7 10. Ne2 f5 11. exf5 Nxf5 12. Ng3 Nf6 13. Nxf5 gxf5 14. g3 Nh5
15. Be2 f4 16. gxf4 Nxf4 17. Bxf4 Rxf4 18. Bd3+ Kh8 19. Qe3 Bh3 20. Nxe5 Qg5+
21. Qg3 Bxe5 22. Qxg5 hxg5 23. Rfe1 Raf8 24. Re3 Rg4+ 25. Kh1 Bg2+ 26. Kg1
Bxd5+ 27. Kf1 Rg2 28. Rh3+ Kg8 29. f3 Rxh2 0-1

[Event "Kieler Open 2014-B"]
[Site "Kiel"]
[Date "2014.08.02"]
[Round "2.16"]
[White "Weck, Uwe"]
[Black "Gütschow, Finn Erik"]
[Result "1-0"]
[WhiteElo "1693"]
[BlackElo "943"]
[PlyCount "77"]
[EventDate "2014.??.??"]
[WhiteTeam "Kaltenkirchen"]
[BlackTeam "Segeberg"]

1. e4 d5 2. exd5 Qxd5 3. c4 Qd8 4. d4 Nc6 5. Nf3 Bg4 6. Be3 e5 7. Be2 e4 8. Ne5
Nxe5 9. Bxg4 Nxc4 10. Qb3 Nxe3 11. fxe3 Nf6 12. Be2 Nd5 13. O-O Qd7 14. Nd2 c6
15. Nxe4 Qe6 16. Bf3 f5 17. Ng5 Qxe3+ 18. Qxe3+ Nxe3 19. Rfe1 f4 20. Re2 O-O-O
21. Ne6 Re8 22. d5 cxd5 23. Nxf4 Bc5 24. Rc1 b6 25. b4 Nf5+ 26. bxc5 Nd4 27.
cxb6+ Kb7 28. Bxd5+ Kxb6 29. Rb2+ Ka5 30. Rc5+ Ka4 31. Rd2 Kb4 32. Rc4+ Kb5 33.
Rdxd4 Re1+ 34. Kf2 Rhe8 35. Rb4+ Kc5 36. Rdc4+ Kd6 37. Rc6+ Kd7 38. Rb7+ Kd8
39. Be6 1-0

[Event "Kieler Open 2014-B"]
[Site "Kiel"]
[Date "2014.08.02"]
[Round "2.17"]
[White "Untiedt, Urs Arved"]
[Black "Brockmann, Werner"]
[Result "1-0"]
[WhiteElo "1180"]
[BlackElo "1415"]
[PlyCount "141"]
[EventDate "2014.??.??"]
[WhiteTeam "Agon Neum?"]
[BlackTeam "Kieler SG"]

1. c4 Nf6 2. d4 g6 3. Nf3 Bg7 4. Nc3 O-O 5. Bf4 d6 6. e3 Nh5 7. Be2 Nxf4 8.
exf4 c5 9. O-O Qa5 10. a3 Nc6 11. dxc5 dxc5 12. Rc1 Bf5 13. Qb3 Qc7 14. Nd5 Qc8
15. Qb5 e6 16. Qxc6 exd5 17. Qxc8 Raxc8 18. Ne5 d4 19. Nd3 b6 20. Rfd1 Rfe8 21.
Kf1 Rc7 22. Rd2 Rce7 23. g3 Bh3+ 24. Ke1 Bg4 25. Rcc2 Bf5 26. f3 h5 27. Kf2 Re3
28. Kf1 Bh6 29. h4 f6 30. Kf2 g5 31. fxg5 fxg5 32. hxg5 Bxg5 33. f4 Bd8 34.
Bxh5 R8e7 35. Be2 Rg7 36. Rc1 Rexg3 37. Bf3 Bc7 38. Ne5 Bd8 39. Rh1 a6 40. Bd5+
Kf8 41. Rh8+ Ke7 42. Nc6+ Kf6 43. Rh6+ R3g6 44. Rxg6+ Bxg6 45. Nxd8 Kf5 46. Re2
Rh7 47. Be4+ Kf6 48. Bxg6 Kxg6 49. Re6+ Kf5 50. Rxb6 Kxf4 51. Ne6+ Kf5 52. Nxc5
Rh2+ 53. Kg3 Rd2 54. Rb3 a5 55. Rb5 Rc2 56. Nb3+ Ke4 57. Nc5+ Ke3 58. Rb3+ Ke2
59. Nd3 Rxc4 60. Kf4 Rc7 61. Ke4 Rd7 62. Nf4+ Kd2 63. Nd5 Kc2 64. Rb5 Ra7 65.
Kxd4 Kb1 66. Kc3 Ra8 67. Kb3 Rc8 68. Ka4 Rc4+ 69. Kxa5 Rc2 70. Ka4 Ka2 71. Nb4+
1-0

[Event "Kieler Open 2014-B"]
[Site "Kiel"]
[Date "2014.08.02"]
[Round "2.18"]
[White "Aden, Tönjes"]
[Black "Gutschenreiter, Donato"]
[Result "1/2-1/2"]
[WhiteElo "862"]
[BlackElo "1392"]
[PlyCount "95"]
[EventDate "2014.??.??"]
[WhiteTeam "Segeberg"]
[BlackTeam "Flensburg"]

1. e4 e6 2. d4 d5 3. exd5 exd5 4. Nc3 c6 5. Nf3 Nf6 6. Bg5 Be7 7. Bd3 Be6 8.
Na4 Nbd7 9. b3 Qa5+ 10. Bd2 Qc7 11. c4 dxc4 12. bxc4 O-O 13. Nc3 h6 14. Rb1 a6
15. Qc1 Bg4 16. Be2 Bxf3 17. Bxf3 Rfe8 18. O-O Bd6 19. g3 Re6 20. c5 Bf8 21.
Qb2 Ra7 22. Rfe1 Rxe1+ 23. Rxe1 b5 24. cxb6 Nxb6 25. Ne4 Nxe4 26. Bxe4 Nc4 27.
Qc2 Nxd2 28. Qxd2 c5 29. Rd1 cxd4 30. Qxd4 Bc5 31. Qd8+ Qxd8 32. Rxd8+ Bf8 33.
Ra8 Rxa8 34. Bxa8 Ba3 35. Bb7 a5 36. Kf1 Kf8 37. Ke2 Ke7 38. Kd3 Kd6 39. Kc4
Bb4 40. a4 Ke5 41. Kd3 g5 42. g4 f5 43. f3 fxg4 44. fxg4 Kf4 45. Bc8 Kf3 46.
Kd4 Kg2 47. Ke5 Kxh2 48. Kf6 1/2-1/2

[Event "Kieler Open 2014-B"]
[Site "Kiel"]
[Date "2014.08.03"]
[Round "3.1"]
[White "Zielke, Bernd"]
[Black "Koch, Ralf-Johannes"]
[Result "1/2-1/2"]
[WhiteElo "1699"]
[BlackElo "1750"]
[PlyCount "106"]
[EventDate "2014.??.??"]
[WhiteTeam "Holtenau"]
[BlackTeam "Eckernförde"]

1. e4 d6 2. d4 Nf6 3. Nc3 g6 4. h3 Nbd7 5. Be3 c6 6. Nf3 Qc7 7. Be2 Bg7 8. O-O
O-O 9. Qd2 e5 10. dxe5 dxe5 11. Bh6 Nc5 12. Bxg7 Kxg7 13. Qe3 Ne6 14. Rfd1 Nf4
15. Rd2 Be6 16. Rad1 Nxe2+ 17. Qxe2 h6 18. a3 b5 19. Qe3 a5 20. Qc5 Rfb8 21. b4
axb4 22. axb4 Ra3 23. Nxe5 Bc4 24. Nxc4 Rxc3 25. Qd6 Qa7 26. Ne3 Re8 27. Qd4
Qxd4 28. Rxd4 Nxe4 29. R1d3 Rxd3 30. Rxd3 c5 31. bxc5 Nxc5 32. Rd5 Rc8 33. f3
b4 34. Rd4 Rb8 35. Rc4 b3 36. cxb3 Nxb3 37. Rc3 Nd4 38. Rd3 Ne2+ 39. Kf2 Nf4
40. Rd2 Ne6 41. g3 Rd8 42. Rd5 Rxd5 43. Nxd5 f5 44. Ke3 g5 45. f4 Kg6 46. Kf3
Nd4+ 47. Kf2 Ne6 48. Ke3 Kf7 49. g4 gxf4+ 50. Nxf4 fxg4 51. hxg4 Ng5 52. Kd4
Nf3+ 53. Ke4 Nh2 1/2-1/2

[Event "Kieler Open 2014-B"]
[Site "Kiel"]
[Date "2014.08.03"]
[Round "3.2"]
[White "Busse, Gerd"]
[Black "Slesicki, Andreas"]
[Result "0-1"]
[WhiteElo "1835"]
[BlackElo "1623"]
[PlyCount "62"]
[EventDate "2014.??.??"]
[WhiteTeam "Quickborn"]
[BlackTeam "Doppelbauer Kiel"]

1. e4 c5 2. Nc3 d6 3. f4 e6 4. Nf3 g6 5. Bc4 Ne7 6. d3 Bg7 7. O-O d5 8. Bb5+
Bd7 9. Bxd7+ Qxd7 10. Qe1 Nbc6 11. a3 Nd4 12. Nxd4 Bxd4+ 13. Kh1 Bg7 14. Rb1
Rc8 15. e5 O-O 16. Bd2 Rfd8 17. Ne2 d4 18. Ng3 Rc7 19. Ne4 Qa4 20. b3 Qxa3 21.
Qh4 Rdc8 22. g4 Nd5 23. f5 Bxe5 24. f6 Qa2 25. Qh6 Bxf6 26. Ra1 Qb2 27. Rxf6
Qxa1+ 28. Kg2 Qd1 29. h3 Qxc2 30. Rf2 Qxd3 31. Ng5 f6 0-1

[Event "Kieler Open 2014-B"]
[Site "Kiel"]
[Date "2014.08.03"]
[Round "3.3"]
[White "Schmidt, Niko"]
[Black "Eberhardt, Michael"]
[Result "1/2-1/2"]
[WhiteElo "1811"]
[BlackElo "1723"]
[PlyCount "99"]
[EventDate "2014.??.??"]
[WhiteTeam "Kaltenkirchen"]
[BlackTeam "Agon Neum?"]

1. e4 d5 2. exd5 Nf6 3. Bb5+ Bd7 4. Bc4 Bg4 5. f3 Bf5 6. Nc3 c6 7. dxc6 Nxc6 8.
Nge2 e6 9. O-O Bc5+ 10. Kh1 O-O 11. d3 Rc8 12. Bg5 h6 13. Bh4 Be7 14. Bf2 a6
15. a3 Qc7 16. Qe1 Bd6 17. Bg3 Rfe8 18. Bxd6 Qxd6 19. Ng3 Nd4 20. Qf2 Bg6 21.
Nce4 Qd8 22. Nxf6+ Qxf6 23. Ne4 Qd8 24. c3 b5 25. Ba2 Nc6 26. d4 Ne7 27. Nc5
Qd6 28. Rfe1 Nd5 29. Ne4 Qc6 30. Qg3 Re7 31. Nc5 Rce8 32. Re5 Kh7 33. Rae1 Qd6
34. Kg1 Nf6 35. Bb1 Bxb1 36. Rxb1 Nd7 37. Nxd7 Qxd7 38. Rbe1 f6 39. R5e2 e5 40.
dxe5 Re6 41. f4 g5 42. fxg5 hxg5 43. Qg4 Qf7 44. exf6 Rxe2 45. Rxe2 Rxe2 46.
Qxe2 Qxf6 47. Qe4+ Kh6 48. Qd4 Qe6 49. Kf1 Qf5+ 50. Qf2 1/2-1/2

[Event "Kieler Open 2014-B"]
[Site "Kiel"]
[Date "2014.08.03"]
[Round "3.4"]
[White "Schumacher, Horst"]
[Black "Bosselmann, Tom Linus"]
[Result "1-0"]
[WhiteElo "1809"]
[BlackElo "1535"]
[PlyCount "79"]
[EventDate "2014.??.??"]
[WhiteTeam "Holtenau"]
[BlackTeam "Lübeck"]

1. e4 e5 2. Bc4 Nf6 3. Nf3 Nxe4 4. Bxf7+ Ke7 5. Bb3 d6 6. d3 Nf6 7. O-O Bg4 8.
h3 Bh5 9. Re1 Nc6 10. g4 Bg6 11. Nc3 Qd7 12. Bg5 h6 13. Nd5+ Kd8 14. Nxf6 Qc8
15. Bh4 Be7 16. Nd5 Bxh4 17. Nxh4 Be8 18. Qf3 Nd4 19. Qe4 Rf8 20. c3 Nxb3 21.
axb3 Bc6 22. c4 Qe6 23. Re3 Kd7 24. d4 Bxd5 25. cxd5 Qf6 26. Qf5+ Qxf5 27. Nxf5
g6 28. Nh4 exd4 29. Re4 Rf6 30. Rae1 Rf7 31. Nxg6 Rg8 32. Re7+ Rxe7 33. Rxe7+
Kd8 34. Re6 d3 35. Kf1 c6 36. f4 cxd5 37. f5 Kd7 38. Ke1 Rc8 39. Re7+ Kc6 40.
f6 1-0

[Event "Kieler Open 2014-B"]
[Site "Kiel"]
[Date "2014.08.03"]
[Round "3.5"]
[White "Bornhorst, Lars"]
[Black "Roca Llorca, Josep"]
[Result "1/2-1/2"]
[WhiteElo "1652"]
[BlackElo "1717"]
[PlyCount "105"]
[EventDate "2014.??.??"]
[WhiteTeam "Bad Essen"]

1. d4 Nf6 2. c4 c5 3. d5 b5 4. cxb5 a6 5. Nc3 axb5 6. Nxb5 Qa5+ 7. Nc3 g6 8.
Bd2 Qb6 9. Qc2 d6 10. e4 Bg7 11. Nf3 O-O 12. Bd3 Ba6 13. b3 Bxd3 14. Qxd3 Na6
15. Na4 Qb7 16. Bc3 Nb4 17. Qe2 Qa6 18. Qxa6 Rxa6 19. Bxb4 cxb4 20. Rc1 Nxe4
21. Rc4 Nc3 22. Rxb4 Nxa4 23. Rxa4 Rxa4 24. bxa4 Ra8 25. O-O Rxa4 26. Re1 Kf8
27. Re2 Ra5 28. Rc2 Bf6 29. Kf1 Rxd5 30. Rc8+ Kg7 31. a4 Ra5 32. Rc4 d5 33. Rb4
Bc3 34. Rb5 e6 35. Rxa5 Bxa5 36. Ke2 f5 37. Nd2 Kf6 38. Nb3 Bb6 39. a5 Ba7 40.
f4 e5 41. a6 exf4 42. Na5 Ke6 43. Nc6 Bb6 44. a7 Bxa7 45. Nxa7 Ke5 46. Kf3 g5
47. Nc6+ Kf6 48. h4 h6 49. h5 Ke6 50. Nd4+ Ke5 51. Nc6+ Ke6 52. Nd4+ Kf6 53.
Nc6 {(=)} 1/2-1/2

[Event "Kieler Open 2014-B"]
[Site "Kiel"]
[Date "2014.08.03"]
[Round "3.6"]
[White "Hogreve, Holger"]
[Black "Pape, Rainer"]
[Result "0-1"]
[WhiteElo "1510"]
[BlackElo "1891"]
[PlyCount "108"]
[EventDate "2014.??.??"]
[WhiteTeam "Eckernförde"]
[BlackTeam "Quickborn"]

1. Nf3 Nf6 2. d4 g6 3. Bg5 Bg7 4. e3 c5 5. c3 cxd4 6. exd4 O-O 7. Bd3 Qb6 8.
Qc2 d6 9. Nbd2 Nd5 10. O-O Bg4 11. Rfe1 Nc6 12. h3 Be6 13. Re2 h6 14. Bh4 Nf4
15. Re3 Nxd3 16. Qxd3 Bf5 17. Qf1 g5 18. Bg3 Rfe8 19. Nc4 Qc7 20. Rae1 b5 21.
Ncd2 e5 22. dxe5 dxe5 23. b3 a6 24. c4 f6 25. Nb1 Qb7 26. Nbd2 Bg6 27. Ne4 Rad8
28. Nc3 bxc4 29. Qxc4+ Bf7 30. Qf1 Rd7 31. Ne4 Qb6 32. Rc1 Nd4 33. Rec3 Red8
34. Nc5 Ra7 35. Ne4 Qa5 36. a4 Nxb3 37. Nc5 Nxc1 38. Qxc1 Qb4 39. Rc2 Bf8 40.
Ne1 Rd5 41. Ned3 Qa5 42. Nb3 Qxa4 43. Nbc5 Qb5 44. Qe3 Rc7 45. Rb2 Bxc5 46. Qc1
Qxd3 47. Rb8+ Kg7 48. Qb2 Rdd7 49. Ra8 Bd4 50. Qb8 Bd5 51. Qh8+ Kg6 52. Qe8+
Rf7 53. Rd8 Qxg3 54. Rxd5 Rc1# 0-1

[Event "Kieler Open 2014-B"]
[Site "Kiel"]
[Date "2014.08.03"]
[Round "3.7"]
[White "Kollhoff, Josef"]
[Black "Weck, Uwe"]
[Result "1-0"]
[WhiteElo "1741"]
[BlackElo "1693"]
[PlyCount "49"]
[EventDate "2014.??.??"]
[WhiteTeam "Kieler SG"]
[BlackTeam "Kaltenkirchen"]

1. d4 Nf6 2. Nf3 e6 3. e3 d5 4. Bd3 Nbd7 5. O-O c5 6. b3 g6 7. Bb2 Bg7 8. Nbd2
O-O 9. Ne5 Nxe5 10. dxe5 Nd7 11. f4 b6 12. g4 Bb7 13. Nf3 Rc8 14. c4 f6 15.
cxd5 fxe5 16. dxe6 e4 17. exd7 Bxb2 18. dxc8=Q Qxc8 19. Bc4+ Kh8 20. Ne5 Kg7
21. Rb1 Rd8 22. Qe2 Bc3 23. Rbd1 Re8 24. Rd7+ Kf8 25. Rf7+ 1-0

[Event "Kieler Open 2014-B"]
[Site "Kiel"]
[Date "2014.08.03"]
[Round "3.8"]
[White "Schmieder, Kerstin"]
[Black "Herrmann, Sabine"]
[Result "0-1"]
[WhiteElo "1683"]
[BlackElo "1537"]
[PlyCount "80"]
[EventDate "2014.??.??"]
[WhiteTeam "Rodewischer Schachmiezen"]
[BlackTeam "SF Hamburg"]

1. d4 e6 2. Nc3 d5 3. Nf3 Bd6 4. Bg5 Ne7 5. e4 Bb4 6. Bd3 Nbc6 7. O-O Bxc3 8.
bxc3 O-O 9. Qd2 f6 10. Bf4 Ng6 11. Bg3 Nce7 12. Rfd1 c6 13. c4 dxe4 14. Bxe4 f5
15. Bd3 f4 16. Bh4 Qe8 17. Bxe7 Nxe7 18. Ne5 Rf6 19. Ng4 Rf8 20. Qe2 f3 21. Qe4
Qh5 22. Re1 fxg2 23. Re3 Nf5 24. Rh3 Qxh3 25. Rb1 Nd6 26. Qe5 Qxg4 27. Qxd6 Qf4
28. Qxf4 Rxf4 29. Rd1 Bd7 30. c3 Raf8 31. Rd2 c5 32. d5 exd5 33. cxd5 a6 34.
Re2 Bb5 35. Bxb5 axb5 36. Kxg2 b4 37. cxb4 Rxb4 38. Rd2 Rd4 39. Rxd4 cxd4 40.
Kf1 Rd8 0-1

[Event "Kieler Open 2014-B"]
[Site "Kiel"]
[Date "2014.08.03"]
[Round "3.9"]
[White "Westphal-Stubbe, Siegbert"]
[Black "Isler, Benjamin"]
[Result "1/2-1/2"]
[WhiteElo "1833"]
[BlackElo "1274"]
[PlyCount "64"]
[EventDate "2014.??.??"]
[WhiteTeam "Plön"]
[BlackTeam "Flensburg"]

1. d4 e6 2. c4 d5 3. e3 Nf6 4. Nf3 Nfd7 5. a3 c5 6. cxd5 exd5 7. Nc3 Nf6 8. h3
Nc6 9. Bb5 Bd7 10. dxc5 Qa5 11. Bxc6 Bxc6 12. b4 Qc7 13. Nd4 Qe5 14. Bb2 Rd8
15. O-O Ne4 16. Na4 Qc7 17. Nxc6 bxc6 18. Bd4 Ra8 19. Nc3 Ng5 20. f4 Ne6 21.
Be5 Qe7 22. Qa4 Qd7 23. Rad1 Rd8 24. Ne4 Be7 25. f5 Ng5 26. Bxg7 Rg8 27. Nxg5
Rxg7 28. f6 Rxg5 29. fxe7 Kxe7 30. Rf3 Rdg8 31. Rd2 Rg3 32. Rdf2 R3g7 {(=)}
1/2-1/2

[Event "Kieler Open 2014-B"]
[Site "Kiel"]
[Date "2014.08.03"]
[Round "3.10"]
[White "Bockelmann, Fred"]
[Black "Steffen, Jörn"]
[Result "1-0"]
[WhiteElo "1704"]
[BlackElo "1314"]
[PlyCount "80"]
[EventDate "2014.??.??"]
[WhiteTeam "Kieler SG"]
[BlackTeam "Flintbek"]

1. e4 c5 2. Nf3 e6 3. c3 Nf6 4. Bd3 Nc6 5. Bc2 Be7 6. O-O Qc7 7. d4 d5 8. e5
Nd7 9. Ng5 Bxg5 10. Bxg5 cxd4 11. Re1 Ndxe5 12. cxd4 Ng6 13. Nc3 Bd7 14. Nxd5
Qd6 15. Bb3 O-O 16. Nc3 Qxd4 17. Nb5 Qxd1 18. Raxd1 Bc8 19. Rd2 h6 20. Be3 e5
21. Nc7 Rb8 22. Bc5 Rd8 23. Rxd8+ Nxd8 24. Bxa7 Nc6 25. Bxb8 Nxb8 26. Rc1 Bd7
27. Nd5 Nc6 28. Rd1 Nd4 29. Nc3 Bc6 30. Bd5 Bxd5 31. Nxd5 f5 32. g3 Nf3+ 33.
Kg2 e4 34. Ne3 Nge5 35. Nxf5 Nd3 36. b3 Nfe1+ 37. Kf1 Nf3 38. Nd6 Nb2 39. Rc1
Nd3 40. Rc8+ Kh7 1-0

[Event "Kieler Open 2014-B"]
[Site "Kiel"]
[Date "2014.08.03"]
[Round "3.11"]
[White "Dambrowski, Ralf"]
[Black "Untiedt, Urs Arved"]
[Result "1-0"]
[WhiteElo "1485"]
[BlackElo "1180"]
[PlyCount "85"]
[EventDate "2014.??.??"]
[WhiteTeam "Agon Neum?"]
[BlackTeam "Agon Neum?"]

1. d4 Nf6 2. Nf3 e6 3. g3 Nc6 4. Bg2 d5 5. O-O Bd7 6. Nc3 Bd6 7. Bg5 h6 8. Bxf6
Qxf6 9. e4 dxe4 10. Nxe4 Qe7 11. c4 Qd8 12. Nxd6+ cxd6 13. Re1 O-O 14. d5 exd5
15. cxd5 Ne7 16. Nd4 Qb6 17. Rxe7 Rad8 18. b3 Rfe8 19. Rxe8+ Rxe8 20. Rc1 a6
21. Rc2 Qa5 22. Re2 Rxe2 23. Qxe2 Qc3 24. Qd1 h5 25. h4 Bg4 26. Bf3 f5 27. Bxg4
fxg4 28. Ne6 b5 29. Qd4 Qc1+ 30. Kg2 Qh6 31. Qf4 Qf6 32. Qxf6 gxf6 33. f3 gxf3+
34. Kxf3 Kf7 35. Nf4 f5 36. Nxh5 Kg6 37. Nf4+ Kf6 38. Ke3 Ke5 39. b4 Kf6 40.
Kd4 Kf7 41. Ne6 Kg6 42. Ke3 Kf6 43. Kf4 1-0

[Event "Kieler Open 2014-B"]
[Site "Kiel"]
[Date "2014.08.03"]
[Round "3.12"]
[White "Rommeck, Christiane"]
[Black "Lange, Edgar"]
[Result "0-1"]
[WhiteElo "1442"]
[BlackElo "1481"]
[PlyCount "40"]
[EventDate "2014.??.??"]
[WhiteTeam "Flintbek"]
[BlackTeam "Kieler SG"]

1. e4 e5 2. Nf3 Nc6 3. d4 exd4 4. Nxd4 Bc5 5. Be3 Bxd4 6. Bxd4 Nxd4 7. Qxd4 Nf6
8. Nc3 O-O 9. Bd3 d6 10. O-O-O Bd7 11. Nd5 Ng4 12. h3 c5 13. Qc3 Nxf2 14. h4
Nxd1 15. Kxd1 Be6 16. h5 Bxd5 17. exd5 h6 18. Qd2 Qf6 19. c3 Rae8 20. g4 Qf3+
0-1

[Event "Kieler Open 2014-B"]
[Site "Kiel"]
[Date "2014.08.03"]
[Round "3.13"]
[White "Sowa, Kay"]
[Black "Salwasser, Christian"]
[Result "1-0"]
[WhiteElo "1452"]
[BlackElo "1035"]
[PlyCount "57"]
[EventDate "2014.??.??"]
[WhiteTeam "Doppelbauer Kiel"]
[BlackTeam "SC Rastatt"]

1. e4 e5 2. Nf3 Nc6 3. Bc4 Bc5 4. c3 Nf6 5. d3 O-O 6. Bb3 d5 7. Qe2 d4 8. O-O
Be6 9. Bxe6 fxe6 10. b4 Bb6 11. b5 Ne7 12. Nxe5 dxc3 13. Nc4 Bd4 14. Qc2 Qd7
15. Be3 Bxe3 16. Nxe3 Qxb5 17. Nxc3 Qh5 18. Qb3 Qe5 19. Rfd1 Rad8 20. Rac1 b6
21. Nb5 c6 22. Nxa7 Qc7 23. Qxe6+ Rf7 24. Nxc6 Nxc6 25. Rxc6 Qd7 26. Rxb6 Qd4
27. Rb7 Rdd7 28. Nf5 Qc5 29. Rb8+ 1-0

[Event "Kieler Open 2014-B"]
[Site "Kiel"]
[Date "2014.08.03"]
[Round "3.14"]
[White "Gutschenreiter, Donato"]
[Black "Stolzenwald, Frank"]
[Result "1/2-1/2"]
[WhiteElo "1392"]
[BlackElo "1628"]
[PlyCount "51"]
[EventDate "2014.??.??"]
[WhiteTeam "Flensburg"]
[BlackTeam "SF Hamburg"]

1. e4 c5 2. Nf3 Nc6 3. Bb5 a6 4. Bxc6 dxc6 5. O-O g6 6. h3 Bg7 7. d3 Qb6 8. Nc3
Be6 9. a3 Rd8 10. Qe2 Nf6 11. Rb1 O-O 12. Ng5 Ne8 13. Nxe6 fxe6 14. Na4 Qa7 15.
Be3 Bd4 16. b3 Nc7 17. Bxd4 cxd4 18. Nb2 Nb5 19. Qg4 Nc7 20. f4 Qc5 21. Nc4 Rf6
22. Qg5 Qxg5 23. fxg5 Rxf1+ 24. Rxf1 Rf8 25. Rxf8+ Kxf8 26. a4 {(=)} 1/2-1/2

[Event "Kieler Open 2014-B"]
[Site "Kiel"]
[Date "2014.08.03"]
[Round "3.15"]
[White "Serbin, Alexander"]
[Black "Maaß, Ralf"]
[Result "1/2-1/2"]
[WhiteElo "1373"]
[BlackElo "1208"]
[PlyCount "58"]
[EventDate "2014.??.??"]
[WhiteTeam "Kieler SG"]
[BlackTeam "Flensburg"]

1. e4 e5 2. Nf3 Nf6 3. Nc3 Nc6 4. Bb5 d6 5. h3 Bd7 6. d3 a6 7. Bc4 Be6 8. Bb3
Nd4 9. Be3 Nxb3 10. axb3 Be7 11. O-O O-O 12. Nh2 Qd7 13. f4 Qc8 14. f5 Bd7 15.
Qf3 h6 16. g4 Nh7 17. Rf2 Bg5 18. Rg2 Bxe3+ 19. Qxe3 Qd8 20. Nf3 Ng5 21. Nxg5
Qxg5 22. Qxg5 hxg5 23. h4 gxh4 24. Nd5 c6 25. Nb6 Rad8 26. Nxd7 Rxd7 27. Rh2 g5
28. fxg6 fxg6 29. Rxh4 Rh7 1/2-1/2

[Event "Kieler Open 2014-B"]
[Site "Kiel"]
[Date "2014.08.03"]
[Round "3.16"]
[White "Gütschow, Finn Erik"]
[Black "Howe, Dietrich"]
[Result "0-1"]
[WhiteElo "943"]
[BlackElo "1742"]
[PlyCount "48"]
[EventDate "2014.??.??"]
[WhiteTeam "Segeberg"]
[BlackTeam "Kaltenkirchen"]

1. e4 c5 2. d4 cxd4 3. c3 d3 4. Qxd3 e6 5. c4 Qc7 6. Nf3 d6 7. Nc3 a6 8. Be2
Nf6 9. Bg5 Be7 10. O-O Nbd7 11. b4 b6 12. a4 Bb7 13. b5 Nc5 14. Qe3 Nfxe4 15.
Nxe4 Nxe4 16. Bxe7 Qxe7 17. Bd3 Nc5 18. Ng5 Nxd3 19. Qxb6 O-O 20. Rad1 Bxg2 21.
Kxg2 Qxg5+ 22. Kh1 Qf5 23. Qd4 Qf3+ 24. Kg1 Nf4 0-1

[Event "Kieler Open 2014-B"]
[Site "Kiel"]
[Date "2014.08.03"]
[Round "3.18"]
[White "Brockmann, Werner"]
[Black "Aden, Tönjes"]
[Result "1/2-1/2"]
[WhiteElo "1415"]
[BlackElo "862"]
[PlyCount "106"]
[EventDate "2014.??.??"]
[WhiteTeam "Kieler SG"]
[BlackTeam "Segeberg"]

1. d4 d5 2. c4 c6 3. g3 Nf6 4. Bg2 e6 5. Nf3 Bd6 6. Nc3 Nbd7 7. O-O e5 8. dxe5
Nxe5 9. cxd5 Bg4 10. dxc6 Nxc6 11. Bg5 Be7 12. Qa4 O-O 13. Bxf6 Bxf6 14. Qxg4
Qb6 15. Ne4 Be7 16. Qh5 Qxb2 17. Rab1 Qxa2 18. Nfg5 Bxg5 19. Nxg5 h6 20. Be4 f6
21. Qf3 Rad8 22. Nh3 Nd4 23. Qg4 f5 24. Bxf5 Rxf5 25. Rxb7 Rf7 26. Rxf7 Qxf7
27. Nf4 a5 28. e3 Nb3 29. Qe6 Qxe6 30. Nxe6 Ra8 31. Rb1 a4 32. Nd4 Nxd4 33.
exd4 Kf7 34. Kf1 Ke6 35. Ke2 a3 36. Ra1 Kd5 37. Kd3 a2 38. f4 Ra3+ 39. Kc2 Kxd4
40. Kb2 Ra5 41. Rd1+ Ke3 42. Ka1 Kf3 43. Rd7 g5 44. fxg5 hxg5 45. Rd3+ Kg4 46.
Rd7 Kh3 47. Rh7+ Kg2 48. h4 gxh4 49. gxh4 Kh3 50. h5 Kh4 51. h6 Kh5 52. Rh8 Ra7
53. h7 Kh6 1/2-1/2